[Event "Belgrade tt Cup"]
[Site "Belgrade"]
[Date "2015.04.24"]
[Round "4.1"]
[White "Ivanovic, Nikola"]
[Black "Matic, Petar"]
[Result "1/2-1/2"]
[WhiteElo "2224"]
[BlackElo "2262"]
[PlyCount "46"]
[EventDate "2015.04.20"]
[EventType "team-swiss"]
[EventRounds "5"]
[EventCountry "SRB"]
[SourceTitle "CBM 166 Extra"]
[Source "ChessBase"]
[SourceDate "2015.06.18"]
[SourceVersion "1"]
[SourceVersionDate "2015.06.18"]
[SourceQuality "1"]
[WhiteTeam "Belgrade Partizan"]
[BlackTeam "Bratstvo i Jedinstvo"]
[WhiteTeamCountry "SRB"]
[BlackTeamCountry "SRB"]

1. Nf3 Nf6 2. c4 g6 3. Nc3 Bg7 4. d4 0-0 5. g3 c5 6. Bg2 cxd4 7. Nxd4 Nc6 8. 0-0 d6 9. Nc2 Qa5 10. e4 Ne5 11. Ne3 Be6 12. Ncd5 Bxd5 13. cxd5 Rac8 14. Bd2 Qb6 15. Bc3 Nc4 16. Nxc4 Rxc4 17. Qd3 Rfc8 18. Rac1 Ng4 19. Bh3 h5 20. Bxg4 hxg4 21. Qe2 Bxc3 22. bxc3 Rxc3 23. Rxc3 Rxc3 1/2-1/2

[Event "Belgrade-chT"]
[Site "Belgrade"]
[Date "2014.10.26"]
[Round "8"]
[White "Kiproski, Branislav"]
[Black "Ivanovic, Nikola"]
[Result "1-0"]
[WhiteElo "2185"]
[BlackElo "2263"]
[PlyCount "80"]
[EventDate "2014.10.04"]
[EventType "team-tourn"]
[EventRounds "13"]
[EventCountry "SRB"]
[SourceTitle "EXT 2015"]
[Source "ChessBase"]
[SourceDate "2014.11.20"]
[SourceVersion "1"]
[SourceVersionDate "2014.11.20"]
[SourceQuality "1"]

1. d4 g6 2. e4 Bg7 3. Nc3 d6 4. f4 Nd7 5. Nf3 c5 6. d5 a6 7. a4 Qc7 8. Be2 Ngf6 9. 0-0 0-0 10. Nd2 h5 11. h3 Rb8 12. g4 hxg4 13. hxg4 b5 14. axb5 axb5 15. Nxb5 Rxb5 16. Bxb5 c4 17. Bxd7 Bxd7 18. g5 Ng4 19. Nf3 Qc5+ 20. Kg2 Bxb2 21. Bxb2 Ne3+ 22. Kg3 Nxd1 23. Bd4 Qc8 24. Rh1 f6 25. Rh4 Kg7 26. Rxd1 Rh8 27. Rdh1 Rh5 28. Rxh5 gxh5 29. Rxh5 Qe8 30. Rh4 Qg6 31. f5 Bxf5 32. Rh6 Bxe4 33. Rxg6+ Kxg6 34. gxf6 exf6 35. c3 Bxd5 36. Kf4 Kf7 37. Nd2 Ke6 38. Ne4 Bc6 39. Nxf6 Bg2 40. Ne4 Kd5 1-0

[Event "Belgrade-chT"]
[Site "Belgrade"]
[Date "2014.10.25"]
[Round "7"]
[White "Ivanovic, Nikola"]
[Black "Tosic, Srecko"]
[Result "1-0"]
[WhiteElo "2263"]
[BlackElo "2397"]
[PlyCount "97"]
[EventDate "2014.10.04"]
[EventType "team-tourn"]
[EventRounds "13"]
[EventCountry "SRB"]
[SourceTitle "EXT 2015"]
[Source "ChessBase"]
[SourceDate "2014.11.20"]
[SourceVersion "1"]
[SourceVersionDate "2014.11.20"]
[SourceQuality "1"]

1. d4 d5 2. c4 c6 3. Nf3 Nf6 4. e3 Bg4 5. Qb3 Qb6 6. c5 Qc7 7. Ne5 Bf5 8. f3 e6 9. g4 Bxb1 10. Rxb1 Nbd7 11. Nd3 Be7 12. Be2 0-0 13. g5 Ne8 14. f4 b6 15. Qc2 bxc5 16. dxc5 a5 17. a3 a4 18. Bd2 e5 19. Bb4 e4 20. Nf2 Qa7 21. Rc1 Nc7 22. h4 Rfe8 23. Bg4 Nb5 24. 0-0 Qc7 25. Qd1 Nf8 26. Kg2 Qa7 27. h5 Rad8 28. h6 g6 29. Be2 Ne6 30. Bxb5 cxb5 31. Qe2 Qb8 32. Qg4 Qc8 33. Qe2 Qc6 34. Ba5 Rd7 35. Ng4 Qa8 36. c6 Ra7 37. Bb4 Bd8 38. Qxb5 d4 39. Qe5 Rc7 40. Qxe4 dxe3 41. Rfd1 Qa6 42. Bd6 Qe2+ 43. Kg3 f5 44. gxf6 Rf7 45. Be7 Bc7 46. Qxe6 g5 47. Rf1 Bxf4+ 48. Kh3 Qd3 49. Qd7 1-0